Simposio Iberoamericano sobre Proteína para Alimentos (Registro nro. 30795)
[ vista simple ]
| 000 -LEADER | |
|---|---|
| fixed length control field | 01349nam a22002417a 4500 |
| 005 - DATE AND TIME OF LATEST TRANSACTION | |
| control field | 20230511163110.0 |
| 008 - FIXED-LENGTH DATA ELEMENTS--GENERAL INFORMATION | |
| fixed length control field | 230306b sp ||||| |||| 00| 0 spa d |
| 020 ## - INTERNATIONAL STANDARD BOOK NUMBER | |
| International Standard Book Number | 8474984661 |
| 050 04 - LIBRARY OF CONGRESS CALL NUMBER | |
| Classification number | TX553.P7 |
| Item number | S56 1998 |
| 111 2# - MAIN ENTRY--MEETING NAME | |
| Meeting name or jurisdiction name as entry element | Simposio Iberoamericano sobre Proteína para Alimentos |
| Location of meeting | (Buenos Aires, Argentina : |
| Date of meeting | 1996) |
| 245 10 - TITLE STATEMENT | |
| Title | Simposio Iberoamericano sobre Proteína para Alimentos |
| Remainder of title | : Buenos Aires, 1996 : Actas |
| Statement of responsibility, etc | CYTED, Programa Iberoamericano de Ciencia y Tecnología para el Desarrollo ; Subprograma XI, Tratamiento y Conservación de Alimentos ; Proyecto XI.9, Obtención y Caracterización de Proteínas para su Aplicación en Alimentos para Regímenes Especiales ; editores, M. Múzquiz ... [y otros.] |
| 246 10 - VARYING FORM OF TITLE | |
| Title proper/short title | Actas, Simposio Iberoamericano sobre Proteína para Alimentos. |
| 250 ## - EDITION STATEMENT | |
| Edition statement | 1a ed. |
| 260 ## - PUBLICATION, DISTRIBUTION, ETC. (IMPRINT) | |
| Place of publication, distribution, etc | Madrid, España : |
| Name of publisher, distributor, etc | Ministerio de Agricultura, Pesca y Alimentación, Instituto Nacional de Investigación y Tecnología Agraria y Alimentaria, |
| Date of publication, distribution, etc | 1998 |
| 300 ## - PHYSICAL DESCRIPTION | |
| Extent | 347 p. : |
| Other physical details | il. ; |
| Dimensions | 24 cm. |
| 490 #0 - SERIES STATEMENT | |
| Series statement | Monografías INIA ; |
| Volume number/sequential designation | no. 104 |
| 500 ## - GENERAL NOTE | |
| General note | Incluye bibliografías |
| 650 #7 - SUBJECT ADDED ENTRY--TOPICAL TERM | |
| Source of heading or term | lemb |
| Topical term or geographic name as entry element | Proteinas en la nutrición humana |
| Form subdivision | Congresos |
| 650 #7 - SUBJECT ADDED ENTRY--TOPICAL TERM | |
| Source of heading or term | lemb |
| Topical term or geographic name as entry element | Proteinas de plantas |
| Form subdivision | Congreso |
| 650 #7 - SUBJECT ADDED ENTRY--TOPICAL TERM | |
| Source of heading or term | lemb |
| Topical term or geographic name as entry element | Proteinas |
| Form subdivision | Congresos |
| 700 1# - ADDED ENTRY--PERSONAL NAME | |
| Personal name | Múzquiz Elorrieta, Mercedes, |
| Relator term | editor |
| 942 ## - ADDED ENTRY ELEMENTS (KOHA) | |
| Source of classification or shelving scheme | Biblioteca del Cogreso de los Estados Unidos |
| Koha item type | Libro |
| Estado de pérdida | Fuente de clasificación | Estado del daño | No para préstamo | Ubicación permanente | Ubicación actual | Apartado o colección | Fecha de adquisición | Edición | Dependencia de educación superior (DES) | Área del conocimiento | Total Checkouts | Clasificación | Código de Barras | Date last seen | Número de copia | Costo por reposición | Tipo de recurso |
|---|---|---|---|---|---|---|---|---|---|---|---|---|---|---|---|---|---|
| Biblioteca del Cogreso de los Estados Unidos | Consulta | Biblioteca de la Facultad de Ingeniería en Tecnología de la Madera | Biblioteca de la Facultad de Ingeniería en Tecnología de la Madera | Consulta | 11/05/2023 | 1a ed. | Ingeniería y Arquitectura | Ingeniería y Tecnología | TX553.P7 S56 1998 | BTM000002445 | 11/05/2023 | 1 | 1.00 | Libro |